Крым: прошлое и настоящее (Запис № 350640)

МАРК-запис
000 -Лідер
fixed length control field 01678nam a22002417a 4500
001 - Контрольний номер
control field 64459
003 - Ідентифікатор контрольного номера
control field UA-OsUOA
005 - Дата та час останнього входження (трансакції)
control field 20230504161305.0
007 - Фіксоване поле фізичного опису
fixed length control field ta
008 - Елементи даних фіксованої довжини – загальна інформація
fixed length control field 20091105b un ||||| |||| 00| 0 ukr d
040 ## - Джерело каталогізації
Агенція оригінальної каталогізації UA-OsUOA
Мова каталогізації rus
Агенція, яка здійснювала перезапис UA-OsUOA
Агенція, яка здійснювала модифікацію UA-OsUOA
041 ## - Код мови
Код мови тексту/ звукової доріжки чи окремого заголовка (П) rus
080 ## - Індекс Універсальної десяткової класифікації
Індекс Універсальної десяткової класифікації (УДК) (НП) 94(477.75)
090 ## - Локальний шифр розміщення
Класифікаційний індекс УДК 94(477.75)
Авторський знак (НП) К85
245 ## - Відомості про назву
Назва (НП) Крым: прошлое и настоящее
260 ## - Публікація, розповсюдження і т.п. (Вихідні дані)
Місце публікації, розповсюдження і т.п. (П) М.
Ім’я/ наймення видавництва, розповсюджувача і т.п. (П) Мысль
Дата публікації, розповсюдження і т.п. (П) 1988
300 ## - Фізичний опис
Обсяг 110 с.
520 ## - Резюме і т.п.
Резюме, реферат, анотація, тощо (НП) Крымский полуостров, омываемый волами Черного и Азовского морей, имеет площадь 25,5 тыс. км^. Гео­графически он расположен между 44®23' и 46°15' с. ш. и 32°30' и 36°40' в. д. Полуостров соединяется на севере с материком узким Перекопским перешейком. Восточнее перешейка лежит Сивашский залив, называемый Гнилым морем. Северо-западное побережье Крыма омывается водами Каркинитского залива. Основная часть Крыма обособлена от Керченского полуострова Акмонайским перешейком. Северо-Восточный Крым отделен от побе­режья Северного Кавказа тесным Керченским проли­вом.
650 #7 - Додаткове предметне введення – тематичний термін
Тематичний термін чи географічна назва, як елемент введення (НП) 9 Географія. Біографії. Історія
Джерело заголовка чи терміна UDC
942 ## - Додаткові елементи входу (Коха)
Тип елемента Koha Книги
Source of classification or shelving scheme Universal Decimal Classification
955 ## - Код типу видання за змістом
Код типу видання за змістом (НП) Навчальні видання
Фонди
Стан вилучень Стан втрат Джерело класифікації або схеми стелажів Стан уражень Не для кредиту Код колекції Постійне місце розташування Поточне розміщення Дата придбання Джерело придбання Вартість, звичайна ціна покупки Інвентарний номер Усього замовленно Повний номер виклику Штрих-код Дата останнього перегляду Ціна ефективна від Тип елемента Koha
    Universal Decimal Classification     Колекція Ковальського М.П. ЧЗ - Читальна зала ЧЗ - Читальна зала 05/11/2009 128/2009 2.00 124153   94(477.75) К85 124153 06/02/2022 05/11/2009 Книги